| 000 | 00854nam a22001937a 4500 | ||
|---|---|---|---|
| 003 | CEME | ||
| 005 | 20210628201628.0 | ||
| 008 | 210212b xxu||||| |||| 00| 0 eng d | ||
| 020 | _a0-7680-0508-6 | ||
| 040 | _c. | ||
| 082 | _a629.254 GAN | ||
| 100 |
_aGansert, W Bertram, T _956089 |
||
| 245 | _aAutomotive electrics and electronics lighting technology | ||
| 250 | _a3RD | ||
| 260 |
_aUSA _bSAE _c1999 |
||
| 300 | _a315P | ||
| 650 |
_aVEHICLE ELECTRICAL SYSTEMS AND CIRCUIT DIAGRAMS ELECTROMAGNETIC COMPATIBILITY STARTER BATTERIES DRIVE-TRACTION BATTERIES ALTERNATORS STARTING SYSTEMS LIGHTING TECHNOLOGY CLEANING SYSTEMS THEFT DETERENCE SYSTEMS COMFORT AND CONVENIENCE SYSTEMS VEHICLE NAVIGATION AND INFORMATION SYSTEMS OCCUPANT SAFETY SYSTEMS DRIVING SAFETY SYSTEMS GASOLINE ENGINE MANAGEMENT DIESEL ENGINE MANAGEMENT _956090 |
||
| 942 |
_cBK _2ddc |
||
| 999 |
_c566613 _d566613 |
||